| 000 | 00499 a2200205 4500 | ||
|---|---|---|---|
| 001 | 111114 | ||
| 020 | _a9788572084628 | ||
| 041 | _apor | ||
| 082 | _a808 | ||
| 250 | _a. ed. | ||
| 300 | _a16 p. | ||
| 697 | _aLiteratura infantojuvenil. | ||
| 856 | _u000006/0000061e.jpg | ||
| 040 |
_aBR-BrIDEA _cBR-BrIDEA |
||
| 090 |
_aP Year 3 808 _bTHE |
||
| 100 |
_aThebas, Cláudio _d1964 |
||
| 245 | 1 | 0 |
_aAmigos do peito _c Cláudi Thebas |
| 260 |
_aSão Paulo _bFormato Editorial _c1996 |
||
| 942 | _cBK | ||
| 999 |
_c111114 _d111114 |
||